| 000 | 00671nam a2200205 u 4500 | ||
|---|---|---|---|
| 005 | 20240911063731.0 | ||
| 008 | 090209s2007 r 000 0 eng d | ||
| 020 | _a9789509113749 | ||
| 035 | _aUPN01000168995 | ||
| 049 | _aCG | ||
| 050 | 4 |
_aHN110.5 A4.4 _bD4.8 |
|
| 100 | 1 |
_aDelich, Francisco, _d1937- |
|
| 245 | 1 | 0 |
_aSociedades invisibles : _bla cultura de la ingobernabilidad en América Latina / _cFrancisco Delich. |
| 260 |
_aBuenos Aires : _bGedisa, _c2007. |
||
| 300 | _a206 p. | ||
| 440 | 0 | _aBiblioteca Iberoamericana de pensamiento | |
| 651 | 2 |
_aAmérica Latina _xCondiciones sociales _92836 |
|
| 650 | 4 |
_aDEMOCRACIA - _zAMERICA LATINA _97543 |
|
| 905 | _aLibro | ||
| 999 |
_c141101 _d141101 |
||